LEADER 00909nam0-22003131i-450- 001 990002010880403321 005 20040615120857.0 035 $a000201088 035 $aFED01000201088 035 $a(Aleph)000201088FED01 035 $a000201088 100 $a20030910d1966----km-y0itay50------ba 101 0 $aeng 102 $aGB 105 $ay---a---001yy 200 1 $aBasic arthropodan stock$ewith special reference to insects$fA.G. Sharov 210 $aOxford ; London$cPergamon Press$d1966 215 $a271 p.$d22 cm 225 1 $aInternational series of monographs in pure and applied biology$iZoology$v30 610 0 $aArtropodi 676 $a595.2 700 1$aSharov,$bA.G.$0360040 801 0$aIT$bUNINA$gRICA$2UNIMARC 901 $aBK 912 $a990002010880403321 952 $a61 III E.3/19$b2921$fDAGEN 959 $aDAGEN 996 $aBasic arthropodan stock$9402419 997 $aUNINA LEADER 01897oam 2200517M 450 001 9910716151303321 005 20200213070923.7 035 $a(CKB)5470000002518602 035 $a(OCoLC)1065609144 035 $a(OCoLC)995470000002518602 035 $a(EXLCZ)995470000002518602 100 $a20071213d1926 ua 0 101 0 $aeng 135 $aurcn||||||||| 181 $ctxt$2rdacontent 182 $cc$2rdamedia 183 $acr$2rdacarrier 200 10$aSale of burnt timber on the public domain. January 29, 1926. -- Committed to the Committee of the Whole House on the State of the Union and ordered to be printed 210 1$a[Washington, D.C.] :$c[U.S. Government Printing Office],$d1926. 215 $a1 online resource (2 pages) 225 1 $aHouse report / 69th Congress, 1st session. House ;$vno. 160 225 1 $a[United States congressional serial set ] ;$v[serial no. 8531] 300 $aBatch processed record: Metadata reviewed, not verified. Some fields updated by batch processes. 300 $aFDLP item number not assigned. 606 $aFire prevention 606 $aForest fires 606 $aJurisdiction 606 $aPublic lands 606 $aForests and forestry 606 $aTimber 608 $aLegislative materials.$2lcgft 615 0$aFire prevention. 615 0$aForest fires. 615 0$aJurisdiction. 615 0$aPublic lands. 615 0$aForests and forestry. 615 0$aTimber. 701 $aWinter$b Charles E$g(Charles Edwin),$f1870-1948$pRepublican (WY)$01387987 801 0$bWYU 801 1$bWYU 801 2$bOCLCO 801 2$bOCLCQ 906 $aBOOK 912 $a9910716151303321 996 $aSale of burnt timber on the public domain. January 29, 1926. -- Committed to the Committee of the Whole House on the State of the Union and ordered to be printed$93488323 997 $aUNINA LEADER 02541nam 22004453 450 001 996465824803316 005 20231110225146.0 035 $a(CKB)1000000000210869 035 $a(MiAaPQ)EBC3072500 035 $a(MiAaPQ)EBC6485924 035 $a(Au-PeEL)EBL6485924 035 $a(OCoLC)827358536 035 $a(BIP)012259063 035 $a(EXLCZ)991000000000210869 100 $a20210901d1990 uy 0 101 0 $aeng 135 $aurcnu|||||||| 181 $ctxt$2rdacontent 182 $cc$2rdamedia 183 $acr$2rdacarrier 200 10$aAdvances in Cryptology - EUROCRYPT '89 $eWorkshop on the Theory and Application of Cryptographic Techniques, Houthalen, Belgium, April 10-13, 1989. Proceedings 210 1$aBerlin, Heidelberg :$cSpringer Berlin / Heidelberg,$d1990. 210 4$dİ1990. 215 $a1 online resource (710 pages) 225 1 $aLecture Notes in Computer Science ;$vv.434 311 $a3-540-53433-4 330 8 $a'I'he int,ernational Association for Cryptologic Research (IACK) organizes two inter- tioilill coiifcrcnces every year, one in Europe and one in the United States. EUROCRI'PT '89 was the seventh European conference and was held in Houthalen, Belgium on April 10-13, 1989. With close to 300 participants, it was perhaps the largest open conferencr on c:rypt,ogra.phy ever held. The field of cryptography is expanding not only because of the increased vulnerability of computer systems and networks to a11 increasing range of threats, but also because of t1ic ra.pid progress in cryptographic methods, that t,he readers can witness by reading the book. The present proceedings contain nearly all contributions which were presented including the talks at the rump session. The chapters correspond to the sessions at the conference. It wa5 the first time that a rump session was organized on a Eurocrypt conference. Sixteen impromptu talks were given, and the authors were invited to submit short abstracts of their presentations. Because of the special character of this session, the editors have taken the liberty to shorten some of these. 410 0$aLecture Notes in Computer Science 610 $aCryptography 610 $aComputers 610 $aLanguage Arts & Disciplines 700 $aQuisquater$b Jean-Jacques$0987461 701 $aVandewalle$b Joos$0632282 801 0$bMiAaPQ 801 1$bMiAaPQ 801 2$bMiAaPQ 906 $aBOOK 912 $a996465824803316 996 $aAdvances in Cryptology - EUROCRYPT '89$92830719 997 $aUNISA LEADER 00533nam 2200193zu 450 001 9910986594903321 005 20250316224418.0 035 $a(CKB)37853030200041 035 $a(EXLCZ)9937853030200041 100 $a20250316|2025uuuu || | 101 0 $aeng 135 $aur||||||||||| 200 10$aGender-based violence 210 $cPeter Lang International Academic Publishers$d2025 700 $aCersosimo$b Giuseppina$0472156 906 $aBOOK 912 $a9910986594903321 996 $aGender-based violence$94337683 997 $aUNINA